MARC

LEADER 00000nam0a2200000 4500
001 141855
005 20231031142547.0
010 |a 0387951059 
035 |a (RuTPU)RU\TPU\book\153753 
090 |a 141855 
100 |a 20080827d2002 k y0engy50 ba 
101 0 |a eng 
102 |a US 
105 |a a z 001zy 
200 1 |a Models of Neural Networks IV  |e Early Vision and Attention  |f editors J. L. van Hemmen, J. D. Cowan, E. Domany 
210 |a New York  |c Springer  |d 2002 
215 |a 413 p.  |c il. 
225 1 |a Physics of Neural Networks 
320 |a Библиография в конце статей 
610 1 |a кибернетика 
610 1 |a нейронные сети 
610 1 |a моделирование 
610 1 |a физико-механические методы 
610 1 |a английский язык 
675 |a 681.5  |v 3 
702 1 |a Hemmen  |b J. L. van  |g J. Leo van  |4 340 
702 1 |a Cowan  |b J. D.  |g Jack D.  |4 340 
702 1 |a Domany  |b E.  |g Eytan  |4 340 
801 1 |a RU  |b 63413507  |c 20080827  |g PSBO 
801 2 |a RU  |b 63413507  |c 20080925  |g PSBO 
942 |c BK